[Event "Mittelrhein Verbandsliga-N 18/19"]
[Site "Nordrheinwestfalen"]
[Date "2019.02.10"]
[Round "7.4"]
[White "Olschewski, Martin"]
[Black "Hoerchens, Joern"]
[Result "1/2-1/2"]
[WhiteElo "1631"]
[BlackElo "1832"]
[PlyCount "39"]
[EventDate "2018.09.02"]
[EventType "team-tourn"]
[EventRounds "12"]
[EventCountry "GER"]
[SourceTitle "EXT 2022"]
[Source "ChessBase"]
[SourceDate "2021.10.06"]
[SourceVersion "1"]
[SourceVersionDate "2021.10.06"]
[SourceQuality "1"]
[WhiteTeam "Eikamp ISVFB"]
[BlackTeam "Dormagen SV"]
[WhiteTeamCountry "GER"]
[BlackTeamCountry "GER"]

1. Nf3 Nf6 2. g3 d5 3. Bg2 Bf5 4. 0-0 e6 5. d3 h6 6. Nbd2 Be7 7. b3 0-0 8. Bb2 Nbd7 9. Qe1 c6 10. e4 dxe4 11. dxe4 Bh7 12. Ne5 Nxe5 13. Bxe5 Qa5 14. Nc4 Qc5 15. Bb2 Qh5 16. f3 Bc5+ 17. Kh1 Nd7 18. Rd1 Rad8 19. Qc3 f6 20. Nd6 1/2-1/2

[Event "Mittelrhein Verbandsliga-M 15/16"]
[Site "Nordrheinwestfalen"]
[Date "2016.01.31"]
[Round "7.7"]
[White "Themm, Rainer"]
[Black "Olschewski, Martin"]
[Result "1-0"]
[WhiteElo "1736"]
[BlackElo "1729"]
[PlyCount "81"]
[EventDate "2015.09.06"]
[EventType "team-tourn"]
[EventRounds "11"]
[EventCountry "GER"]
[SourceTitle "EXT 2022"]
[Source "ChessBase"]
[SourceDate "2021.10.06"]
[SourceVersion "1"]
[SourceVersionDate "2021.10.06"]
[SourceQuality "1"]
[WhiteTeam "Schlebusch SF"]
[BlackTeam "Eikamp Freibauer"]
[WhiteTeamCountry "GER"]
[BlackTeamCountry "GER"]

1. e4 e5 2. Nf3 Nf6 3. Nc3 Nc6 4. a3 Be7 5. Bc4 Nxe4 6. Nxe4 d5 7. Bxd5 Qxd5 8. Nc3 Qd8 9. d3 0-0 10. Be3 f5 11. Qc1 Bf6 12. Bg5 Nd4 13. Bxf6 Nxf3+ 14. gxf3 Rxf6 15. Qd2 Rg6 16. 0-0-0 c6 17. Rdg1 Qf6 18. f4 exf4 19. Rxg6 Qxg6 20. Qxf4 Qf7 21. h4 Be6 22. h5 Re8 23. h6 g6 24. Rg1 Qf8 25. Ne2 c5 26. Ng3 Kf7 27. Re1 Bc8 28. Rxe8 Qxe8 29. Kd2 Qe7 30. Ne4 Be6 31. Ng5+ Ke8 32. Qb8+ Kd7 33. Qxb7+ Kd6 34. Qxe7+ Kxe7 35. Nxh7 Bd7 36. Ng5 Kf8 37. Ke3 Kg8 38. d4 cxd4+ 39. Kxd4 a6 40. f4 Bb5 41. c4 1-0

[Event "Mittelrhein Verbandsliga-M 15/16"]
[Site "Nordrheinwestfalen"]
[Date "2015.12.13"]
[Round "5.7"]
[White "Hoerchens, Joern"]
[Black "Olschewski, Martin"]
[Result "1-0"]
[WhiteElo "1750"]
[BlackElo "1729"]
[PlyCount "61"]
[EventDate "2015.09.06"]
[EventType "team-tourn"]
[EventRounds "11"]
[EventCountry "GER"]
[SourceTitle "EXT 2022"]
[Source "ChessBase"]
[SourceDate "2021.10.06"]
[SourceVersion "1"]
[SourceVersionDate "2021.10.06"]
[SourceQuality "1"]
[WhiteTeam "Dormagen SV"]
[BlackTeam "Eikamp Freibauer"]
[WhiteTeamCountry "GER"]
[BlackTeamCountry "GER"]

1. d4 Nf6 2. c4 c5 3. d5 e6 4. Nc3 exd5 5. cxd5 d6 6. e4 g6 7. Nf3 Bg7 8. h3 0-0 9. Bd3 b5 10. Nxb5 Re8 11. 0-0 Nxe4 12. Qc2 a6 13. Nc3 Nxc3 14. bxc3 Nd7 15. Bf4 Ne5 16. Nxe5 dxe5 17. Be3 Bb7 18. Bc4 Rc8 19. Rfd1 Qd6 20. Rab1 Re7 21. a4 a5 22. Rb3 Ba6 23. Bxa6 Qxa6 24. Rb5 c4 25. Rb6 Qa8 26. Qb2 Rd7 27. Qb5 Rcd8 28. Qxc4 Rxd5 29. Rxd5 Rxd5 30. Qc7 Rd8 31. Rb7 1-0

[Event "Mittelrhein Verbandsliga-O 1112"]
[Site "Germany"]
[Date "2012.05.20"]
[Round "11"]
[White "Fleischer, Uwe"]
[Black "Olschewski, Martin"]
[Result "1-0"]
[WhiteElo "1849"]
[BlackElo "1790"]
[PlyCount "91"]
[EventDate "2011.09.18"]
[EventType "team-tourn"]
[EventRounds "11"]
[EventCountry "GER"]
[SourceTitle "EXT 2013"]
[Source "ChessBase"]
[SourceDate "2012.11.22"]
[SourceVersion "1"]
[SourceVersionDate "2012.11.22"]
[SourceQuality "1"]
[WhiteTeam "Lohmar"]
[BlackTeam "Freibauer Eikamp"]
[WhiteTeamCountry "GER"]
[BlackTeamCountry "GER"]

1. d4 Nf6 2. c4 c5 3. Nf3 e6 4. Nc3 Nc6 5. e4 cxd4 6. Nxd4 Qb6 7. Nxc6 Qxc6 8. Bd3 d6 9. 0-0 Be7 10. Be3 0-0 11. Qe2 b6 12. f3 Bb7 13. Rac1 Rac8 14. Nb5 a6 15. Na7 Qc7 16. Nxc8 Rxc8 17. Qf2 Nd7 18. Rfd1 Rd8 19. Bf1 a5 20. b3 Nc5 21. g3 Bc6 22. Bg2 Qb7 23. h4 Re8 24. Rd2 d5 25. cxd5 exd5 26. e5 Bd8 27. f4 Bc7 28. Kh2 Re6 29. Qg1 Ne4 30. Bxe4 dxe4 31. Rdc2 f5 32. exf6 Rxf6 33. Bd4 Rg6 34. Qe3 Bd8 35. Be5 Qd7 36. Rd2 Qe7 37. Rcd1 Bc7 38. Bxc7 Qxc7 39. Rd8+ Kf7 40. Qd4 Ke7 41. h5 Rf6 42. Rg8 Rf7 43. Rxg7 Kf8 44. Rg5 Ke7 45. Re5+ Kf6 46. Qd6+ 1-0

[Event "Mittelrhein Verbandsliga-O 1112"]
[Site "Germany"]
[Date "2011.10.09"]
[Round "2"]
[White "Weber, Bernhard"]
[Black "Olschewski, Martin"]
[Result "1-0"]
[WhiteElo "1754"]
[BlackElo "1790"]
[PlyCount "131"]
[EventDate "2011.09.18"]
[EventType "team-tourn"]
[EventRounds "11"]
[EventCountry "GER"]
[SourceTitle "EXT 2013"]
[Source "ChessBase"]
[SourceDate "2012.11.22"]
[SourceVersion "1"]
[SourceVersionDate "2012.11.22"]
[SourceQuality "1"]
[WhiteTeam "Siebengebirge"]
[BlackTeam "Freibauer Eikamp"]
[WhiteTeamCountry "GER"]
[BlackTeamCountry "GER"]

1. e4 e5 2. Nf3 Nf6 3. d4 Nxe4 4. Bd3 d5 5. Nxe5 Nd7 6. Nd2 Nxe5 7. dxe5 Nc5 8. Be2 Qg5 9. Nf3 Qxg2 10. Rg1 Qh3 11. Qxd5 Be6 12. Bb5+ Nd7 13. Qxb7 Rd8 14. Bg5 Be7 15. 0-0-0 Bg4 16. Bxd7+ Bxd7 17. Bxe7 Kxe7 18. Rg3 Qe6 19. Qd5 Qh6+ 20. Kb1 Be6 21. Qc5+ Ke8 22. Rxd8+ Kxd8 23. Qxa7 Kd7 24. Qa4+ Ke7 25. Qb4+ Kd7 26. Qa4+ Ke7 27. Qh4+ Qxh4 28. Nxh4 g6 29. Rd3 Ra8 30. b3 Ra5 31. f4 g5 32. fxg5 Rxe5 33. Nf3 Rf5 34. h4 Rf4 35. Re3 Kd6 36. Kb2 Bg4 37. Ne5 Bh5 38. Nc4+ Kd7 39. Rh3 f6 40. gxf6 Rxf6 41. a4 Rf2 42. a5 Bg6 43. Ne5+ Kc8 44. Nxg6 hxg6 45. Rc3 Rf6 46. Rc4 Kb7 47. b4 c6 48. Kb3 Rf3+ 49. Ka4 Rf6 50. c3 Re6 51. Rf4 Rd6 52. c4 Re6 53. Rf7+ Kb8 54. a6 Re4 55. Ka5 Rxh4 56. Kb6 Rh8 57. Rg7 Ka8 58. Rxg6 Rb8+ 59. Kc5 Ka7 60. Rxc6 Rh8 61. Rd6 Rc8+ 62. Kd5 Rh8 63. b5 Rh7 64. Kc6 Rg7 65. Rd7+ Rxd7 66. Kxd7 1-0

[Event "Mittelrhein Verbandsliga-O 1112"]
[Site "Germany"]
[Date "2011.09.18"]
[Round "1"]
[White "Hoeck, Sebastian"]
[Black "Olschewski, Martin"]
[Result "1/2-1/2"]
[WhiteElo "1744"]
[BlackElo "1790"]
[PlyCount "51"]
[EventDate "2011.09.18"]
[EventType "team-tourn"]
[EventRounds "11"]
[EventCountry "GER"]
[SourceTitle "EXT 2013"]
[Source "ChessBase"]
[SourceDate "2012.11.22"]
[SourceVersion "1"]
[SourceVersionDate "2012.11.22"]
[SourceQuality "1"]
[WhiteTeam "Bruehl III"]
[BlackTeam "Freibauer Eikamp"]
[WhiteTeamCountry "GER"]
[BlackTeamCountry "GER"]

1. c4 Nf6 2. g3 e6 3. Bg2 d5 4. Nf3 Nc6 5. b3 g6 6. 0-0 Bg7 7. Ba3 dxc4 8. Nc3 Nd5 9. Qc1 Nxc3 10. dxc3 Qf6 11. Rd1 cxb3 12. Rd3 Bd7 13. Qb2 Na5 14. axb3 0-0-0 15. Nd4 e5 16. Rf3 Qb6 17. Rxf7 Bh6 18. Bb4 exd4 19. Bxa5 Qe6 20. Rf3 Bc6 21. Rd3 Bxg2 22. Kxg2 Rhe8 23. cxd4 Qxe2 24. Qc3 b6 25. Bb4 a5 26. Ba3 1/2-1/2

[Event "Geraardsbergen op"]
[Site "Geraardsbergen"]
[Date "2003.08.17"]
[Round "7"]
[White "Verellen, Jef"]
[Black "Olschewski, Martin"]
[Result "1-0"]
[WhiteElo "1899"]
[BlackElo "1625"]
[PlyCount "51"]
[EventDate "2003.08.??"]
[EventType "swiss"]
[EventRounds "7"]
[EventCountry "BEL"]
[SourceTitle "EXT 2005"]
[Source "ChessBase"]
[SourceDate "2004.11.15"]
[SourceVersion "1"]
[SourceVersionDate "2004.11.15"]
[SourceQuality "1"]

1. e4 e5 2. Nf3 Nf6 3. Nxe5 d6 4. Nf3 Nxe4 5. d3 Nf6 6. Nc3 Be7 7. Be2 0-0 8. 0-0 Nc6 9. b3 Re8 10. Bb2 Bf8 11. Qd2 Bg4 12. h3 Bh5 13. Rfe1 Ne5 14. Nxe5 Bxe2 15. Nxf7 Kxf7 16. Rxe2 Qd7 17. Rae1 c6 18. Ne4 Nxe4 19. Rxe4 Kg8 20. Qe3 Rxe4 21. Qxe4 d5 22. Qe3 b6 23. a4 Bc5 24. Qe6+ Qxe6 25. Rxe6 Rf8 26. d4 1-0

[Event "Geraardsbergen op"]
[Site "Geraardsbergen"]
[Date "2003.08.14"]
[Round "2"]
[White "Olschewski, Martin"]
[Black "Buytaert, Kristof"]
[Result "0-1"]
[WhiteElo "1625"]
[BlackElo "2172"]
[PlyCount "74"]
[EventDate "2003.08.??"]
[EventType "swiss"]
[EventRounds "7"]
[EventCountry "BEL"]
[SourceTitle "EXT 2005"]
[Source "ChessBase"]
[SourceDate "2004.11.15"]
[SourceVersion "1"]
[SourceVersionDate "2004.11.15"]
[SourceQuality "1"]

1. e4 d5 2. exd5 Qxd5 3. Nc3 Qa5 4. d4 c6 5. Nf3 Nf6 6. Bd2 Bf5 7. Ne4 Qc7 8. Nxf6+ gxf6 9. Bc3 Nd7 10. Nh4 Bg6 11. Nxg6 hxg6 12. g3 e6 13. Qf3 Bd6 14. Bg2 Rh5 15. 0-0-0 0-0-0 16. h3 f5 17. Rhe1 Nf6 18. Bd2 Ne4 19. Be3 Qa5 20. Kb1 Bb4 21. Rf1 Qb5 22. Rd3 Bc3 23. Bc1 Bxd4 24. c3 Bf6 25. Rxd8+ Kxd8 26. Rd1+ Kc8 27. Rd3 Rh8 28. Bf1 Qa5 29. Be3 Rd8 30. Rxd8+ Qxd8 31. Qe2 Bxc3 32. Qc2 Bd4 33. Bg2 Bxe3 34. fxe3 Qd2 35. Bxe4 Qe1+ 36. Qc1 Qxc1+ 37. Kxc1 fxe4 0-1